| 000 | 00999nam a22002657a 4500 | ||
|---|---|---|---|
| 001 | 7203 | ||
| 003 | FISKH | ||
| 005 | 20250702133513.0 | ||
| 008 | 250702b cb ||||| |||| 00| 0 eng d | ||
| 040 |
_aFISKH _beng _cFISKH _dFISKH |
||
| 050 | _aPZ7 | ||
| 082 | _a591.5 | ||
| 100 | _aDe Agostini | ||
| 245 |
_aAnimals at night : _bAnimals in the field / _cDe Agostini |
||
| 250 | _aThis edition published in 2012 | ||
| 260 |
_aLondon : _bShubrook Bros Creative, _c2006. |
||
| 300 |
_a24 pages : _bcolor illustrations ; _c21 cm |
||
| 505 | _aC | ||
| 520 | _aPublished by De Agostini as an educational series companion, this colorful little paperback uses simple text and engaging photos or illustrations to introduce early readers to nocturnal animals—like raccoons, bats, owls, and field mice. | ||
| 521 | 8 |
_a150
_bLexile estimate |
|
| 521 | 8 |
_aC
_bRaz-Plus |
|
| 650 |
_aNight-time wildlife _vAnimal adaptations _xEarly nonfiction |
||
| 942 |
_2ddc _cBK _n0 |
||
| 999 |
_c7203 _d7203 |
||